La Mayenne en images - Statistiques

Statistiques générales
  • Ce quiz a été pris 121 fois
  • Le résultat moyen est 10 sur 18
Statistiques - réponses
Par images Hint Réponse % Correct
Préfecture Laval
100%
Entreprise (Agroalimentaire) Lactalis
95%
Sous-préfecture Mayenne
92%
Musée Musée Robert Tatin
82%
Vestiges gallo-romains Jublains
75%
Parc animalier Refuge de l'Arche
69%
Monument {Château} {de} {Laval}
62%
Grottes Grotte de Saulges
61%
Monument Château de Sainte-Suzanne
59%
Jardins Jardin de la Perrine
55%
Peintre Henri Rousseau
51%
Montagne Mont des Avaloirs
48%
Ancienne province Maine
44%
Lieu de culte Basilique Notre-Dame de Pontmain
43%
Monument Château de Craon
43%
Pont Pont de Pritz
31%
Plan d'eau Étang du Gué de Selle
15%
Lieu de culte Cathédrale de la Sainte-Trinité de Laval
2%
Aucun quiz correspondant
Distribution des résultats
% des personnes avec chaque résultat
Percentile par nombre de réponses
Votre historique - résultats
Vous n’avez pas pris ce quiz